[Event "GER-chT School WK GS"]
[Site "Playchess.com INT"]
[Date "2020.06.18"]
[Round "4.4"]
[White "Engel, Bruno"]
[Black "Ueberholz, Lasse"]
[Result "1-0"]
[WhiteElo "1620"]
[BlackElo "1422"]
[PlyCount "61"]
[EventDate "2020.06.11"]
[EventType "team-swiss (blitz)"]
[EventRounds "7"]
[EventCountry "GER"]
[SourceTitle "EXT 2021"]
[Source "ChessBase"]
[SourceDate "2020.10.23"]
[SourceVersion "1"]
[SourceVersionDate "2020.10.23"]
[SourceQuality "1"]
[WhiteTeam "Lauerholz SHO"]
[BlackTeam "Windmuehlen HH"]
[WhiteTeamCountry "GER"]
[BlackTeamCountry "GER"]

1. e4 e5 2. Nf3 Nc6 3. Bc4 Nf6 4. d3 Bc5 5. 0-0 0-0 6. c3 d6 7. d4 exd4 8. cxd4 Bb6 9. d5 Ne7 10. Nc3 h6 11. Re1 Ng4 12. Be3 Bxe3 13. fxe3 Nf6 14. Rf1 Ng4 15. Qe2 Nf6 16. Rad1 Ng6 17. Qd3 Bg4 18. e5 dxe5 19. d6 cxd6 20. Qxg6 Bxf3 21. Rxf3 a6 22. Qd3 b5 23. Bb3 b4 24. Nd5 e4 25. Nxf6+ gxf6 26. Qxe4 Kh8 27. Rh3 Rg8 28. Bxf7 Rf8 29. Qh4 Rxf7 30. Qxh6+ Kg8 31. Qh8# 1-0